000 00593nam a2200229Ia 4500
003 OSt
005 20220924140200.0
006 a|||||r|||| 00| 0
007 ta
008 220923b |||||||| |||| 00| 0 hin d
024 _a293922
037 _cTextual
040 _aARTS
_cARTS
_bhin
041 _2hin
_ahin
082 _aO157,2M61:g(P:75), N0
100 _aSaha Chaitali
_9211067
245 0 _aRabindra natye protima
260 _c1990
650 _aBENGALI LITERATURE
942 _hO157,2M61:g(P:75), N0
_cTEXL
_2CC
999 _c443188
_d443188